|
|
|
|
| LEADER |
00000nam a22000007a 4500 |
| 005 |
2022110106226.0 |
| 007 |
cr|||| ||| |
| 008 |
221101s2021 co |||||s|||| 00||0 eng d |
| 020 |
|
|
|a 978-958-798-176-6
|
| 035 |
|
|
|a 37437
|
| 040 |
|
|
|a vLex
|
| 090 |
|
|
|c 14074
|d 14074
|
| 100 |
1 |
|
|a Lewin Pinzn̤, Federico
|
| 245 |
1 |
3 |
|a The colombian tax incentives for the Orange Economy
|h [Recurso electrn̤ico] :
|b ideas for their enhancement /
|c Federico Lewin Pinzn̤
|
| 256 |
|
|
|a Servicio en ln̕ea
|
| 260 |
|
|
|a Bogot:̀
|b Universidad de Los Andes (Colombia),
|c 2021
|
| 300 |
|
|
|a 1 recurso electrn̤ico
|
| 506 |
1 |
|
|a Disponible solo en los productos indicados
|d vLex Global
|d vLex Global (Academic Edition, excluding Law Schools)
|d vLex Global (U.S. Academic Edition, Law Schools)
|d vLex Global (U.S. Academic Edition, excluding Law Schools)
|d vLex Global (Academic Edition, Law Schools)
|
| 650 |
0 |
4 |
|a Derecho Tributario
|z Colombia
|
| 740 |
0 |
|
|a vLex Libros (Servicio en ln̕ea)
|
| 856 |
4 |
0 |
|u https://app.vlex.com/#/sources/37437
|z Acceso restringido
|
| 942 |
|
|
|c BOOK
|
| 999 |
0 |
|
|a Tax Law
|